Datum a čas kvízu

26 Celkem bodů Celkový počet nahraných bodů na tomto kvízu bez doplňovacích otázek.
19. Pořadí na kvízu Konečné umístění týmu na tomto kvízu.

Zaznamenané odpovědi

# Otázka Odpověď Body Výsledky
1. Obyvatele jednoho českolipskéh... velký balvan 1
2. Státy EU a zástupci Evropského... D 1
3. Která česká herečka a zpěvačka... Jitka Čvančarová 0
4. Společnost Nokian představila... A 0
5. Anežce Indráčkové se povedlo p... ve skocích na lyžích 0
6. Vítězné téma facebookového hla... 1D 2B 3A 4C 1
7. Která ženská postava běží na k... Bridget Jones 1
8. „Celou dobu mi do nosu tekla v... Spider-Man 1
9. Tento filmový polibek byl insp... 1952 0
10. Jak se jmenují filmové postavy... Lady a Tramp 0